| 000 | 00760cam a22001935a 4500 | ||
|---|---|---|---|
| 001 | L156043 | ||
| 008 | 120426s1837 xxk f 000 0 eng d | ||
| 035 | _a(Sirsi) u156043 | ||
| 041 | 0 | _aeng | |
| 100 | 1 |
_aSmith, John Thomas _d1766-1833 |
|
| 245 | 0 | 4 |
_aThe antiquities of Westminster _bthe Old Palace, St. Stephen's Chapel ... illustrated by three hundred and fifty engravings of topographical subjects ... _cdrawn on the spot, or collected from scarce drawings or paintings by John Thomas Smith |
| 250 | _aNew ed. | ||
| 260 |
_aLondon _bJ. B. Nichols _c1837 |
||
| 300 |
_axix, 278 p. _billus., maps, plans _c30 cm. |
||
| 583 |
_aCondition reviewed _c20120620 _lcondition level 3 |
||
| 651 | 4 | _aLondon | |
| 690 | _aConservation and restoration | ||
| 942 | _n0 | ||
| 999 |
_c114001 _d114001 |
||